Воланд и Маргарита (Запись № 895306)

Подробности
000 -МАРКЕР
контрольное поле 02111nam0a2200385 4500
001 - ИДЕНТИФИКАТОР ЗАПИСИ
контрольное поле RU\NLR\bibl\1066546
005 - ИДЕНТИФИКАТОР ВЕРСИИ
контрольное поле 20260409080826.0
010 ## - МЕЖДУНАРОДНЫЙ СТАНДАРТНЫЙ НОМЕР КНИГИ (ISBN)
Номер (ISBN) 978-5-367-00317-8
Тираж 5000
021 ## - НОМЕР ГОСУДАРСТВЕННОЙ РЕГИСТРАЦИИ
Код страны Российская Федерация
Номер 2007-10095
Номер Листа государственной регистраци 535
035 ## - ДРУГИЕ СИСТЕМНЫЕ НОМЕРА
Идентификатор записи (nilc)RSL-KNO-003046986
035 ## - ДРУГИЕ СИСТЕМНЫЕ НОМЕРА
Идентификатор записи (NLR Aleph) 001053798
100 ## - ДАННЫЕ ОБЩЕЙ ОБРАБОТКИ
Данные общей обработки 20070301d2007 |||y0rusy50 ca
101 0# - ЯЗЫК РЕСУРСА
Язык текста, звукозаписи и т.д. русский
102 ## - СТРАНА ПУБЛИКАЦИИ ИЛИ ПРОИЗВОДСТВА
Страна публикации Российская Федерация
105 ## - ПОЛЕ КОДИРОВАННЫХ ДАННЫХ: ТЕКСТОВЫЕ МАТЕРИАЛЫ, МОНОГРАФИЧЕСКИЕ
Кодированные данные о монографическом текстовом документе y zzzz|||||
106 ## - ПОЛЕ КОДИРОВАННЫХ ДАННЫХ: ТЕКСТОВЫЕ РЕСУРСЫ – ФОРМА
Форма ресурса: кодированные данные: обозначение носителя r
200 1# - ЗАГЛАВИЕ И СВЕДЕНИЯ ОБ ОТВЕТСТВЕННОСТИ
Основное заглавие Воланд и Маргарита
Первые сведения об ответственности Татьяна Поздняева
210 ## - ПУБЛИКАЦИЯ, РАСПРОСТРАНЕНИЕ И ДР.
Место издания, распространения и т.д. Санкт-Петербург
Имя издателя, распространителя и т. д. Амфора
Дата издания, распространения и т.д. 2007
215 ## - ФИЗИЧЕСКАЯ ХАРАКТЕРИСТИКА
Специфическое обозначение материала и объем 445,[1] с.
Размеры 21
225 1# - СЕРИЯ
Основное заглавие серии Новая Эврика
320 ## - ПРИМЕЧАНИЯ О НАЛИЧИИ В ДОКУМЕНТЕ БИБЛИОГРАФИИ / УКАЗАТЕЛЯ
Текст примечания Библиогр. в подстроч. прим.
500 ## - УНИФИЦИРОВАННОЕ ЗАГЛАВИЕ
Унифицированное заглавие Мастер и Маргарита
Идентификатор авторитетной / нормативной записи RU\NLR\auth\559755
Системный номер авторитетной/нормативной записи 2631756
604 ## - ИМЯ И ЗАГЛАВИЕ КАК ПРЕДМЕТ
Связываемые данные 700#1$aБулгаков$gМихаил Афанасьевич$bМ. А.$f1891 - 1940
-- 50010$a"Мастер и Маргарита"$2nlr_sh2$3RU\NLR\AUTH\66171423
Имя лица Булгаков, Михаил Афанасьевич (1891 - 1940)
Заглавие "Мастер и Маргарита"
Системный номер авторитетной/нормативной записи 1207867
Идентификатор авторитетной/нормативной записи RU\NLR\AUTH\66171423
610 0# - НЕКОНТРОЛИРУЕМЫЕ ПРЕДМЕТНЫЕ ТЕРМИНЫ
Предметный термин Филологические науки. Художественная литература -- Российская Федерация -- Русская литература -- с 1917 г. -- Персоналия писателей -- Булгаков Михаил Афанасьевич (1891-1940) - писатель -- Исследования произведений писателя по жанрам -- Прозаические произведения
686 ## - ИНДЕКСЫ ДРУГИХ КЛАССИФИКАЦИЙ
Индекс Ш5(2=Р)7-4Булгаков М.А.534,0
Код системы
686 ## - ИНДЕКСЫ ДРУГИХ КЛАССИФИКАЦИЙ
Индекс Ш5(2=Р)7-4Булгаков
700 #1 - ИМЯ ЛИЦА - ПЕРВИЧНАЯ ОТВЕТСТВЕННОСТЬ
Код отношения Автор
Материалы, к которым относится поле rus
Графика поля Кириллица
Начальный элемент ввода Поздняева
Часть имени, кроме начального элемента ввода Т. Б.
Расширение инициалов личного имени Татьяна Б.
Идентификатор авторитетной/нормативной записи RU\NLR\auth\7752129
Системный номер авторитетной/нормативной записи 35062
702 #1 - ИМЯ ЛИЦА - ВТОРИЧНАЯ ОТВЕТСТВЕННОСТЬ
Код отношения Прочие
Материалы, к которым относится поле rus
Графика поля Кириллица
Начальный элемент ввода Булгаков
Часть имени, кроме начального элемента ввода М. А.
Даты 1891-1940
Расширение инициалов личного имени Михаил Афанасьевич
Идентификатор авторитетной/нормативной записи RU\NLR\auth\773529
Системный номер авторитетной/нормативной записи 113525
801 #0 - ИСТОЧНИК ЗАПИСИ
Страна Российская Федерация
Организация РКП
Дата составления 20070301
Правила каталогизации rcr
801 #1 - ИСТОЧНИК ЗАПИСИ
Страна Российская Федерация
Организация РГБ
Дата составления 20070301
801 #2 - ИСТОЧНИК ЗАПИСИ
Страна Российская Федерация
Организация NLR
Дата составления 20070330
Правила каталогизации rcr
942 ## - ДОПОЛНИТЕЛЬНЫЕ ЭЛЕМЕНТЫ ЗАПИСИ (АБИС)
Тип экземпляра АБИС Книга
980 ## - КОЛЛЕКЦИЯ
Название коллекции Национальная библиография
Экземпляры
Тип экземпляра Дата поступления Источник поступления Библиотека постоянного хранения Библиотека текущего хранения Место хранения Шифр хранения Штрих-код Статус экземпляра Стоимость
Книга 30.03.2007 Обязательный экземпляр РНБ (Московский) РНБ (Московский) Русский книжный фонд: издания с 1957 года 2007-3/9935 1-1836943    
Книга 30.03.2007 Обязательный экземпляр РНБ (Московский) РНБ (Московский) Русский книжный фонд: издания с 1957 года 2007-3/9935 2399898    
Книга 19.04.2007 Покупка РНБ (Московский) РНБ (Московский) Фонд общего зала литературы по филологии, педагогике и искусству (гуманитарной литературы) Л1 Ш5(2=Р)7-4/Б-907-П 1-325293   207.00
Книга 19.04.2007 Покупка РНБ (Садовая) РНБ (Садовая) Универсальный читальный зал У Ш5(2=Р)7/Б-907п 1-216115   207.00
Книга 19.04.2007 Покупка РНБ (Фонтанка) РНБ (Фонтанка) Юношеский читальный зал Ю Ш5(2-Р)7-4Булгаков/П-47 1-181308   207.00